Clubs pro par région : Hauts de France - Statistiques

Statistiques générales
  • Ce quiz a été pris 82 fois
  • Le résultat moyen est 7 sur 10
Statistiques - réponses
Dernière année Club % Correct
2024 LOSC Lille
100%
2024 RC Lens
98%
2024 Amiens SC
88%
2024 USL Dunkerque
88%
2024 Valenciennes AFC
86%
2012 US Boulogne
70%
1963 CO Roubaix-Tourcoing
68%
2003 AS Beauvais
48%
2021 FC Chambly
33%
2003 Wasquehal Football
23%
Aucun quiz correspondant
Distribution des résultats
% des personnes avec chaque résultat
Percentile par nombre de réponses
Votre historique - résultats
Vous n’avez pas pris ce quiz